Top 10 Largest European Cities (By Area) - Statistics

General Stats
  • This quiz has been taken 18 times
  • The average score is 4 of 10
Answer Stats
Area in km^2 Answer % Correct
2561 Moscow
100%
1572 London
88%
891 Berlin
47%
1439 St Petersburg
47%
1287 Rome
35%
835 Kyiv
18%
755 Hamburg
12%
859 Volgograd
6%
799 Perm
0%
707 Ufa
0%
No matching quizzes found
Score Distribution
Percent of People with Each Score
Percentile by Number Answered
Your Score History
You have not taken this quiz